000 00640nam a2200193Ia 4500
003 GCL
008 140319s9999 xx 000 0 ara d
040 _aGCL /
_cGCL
082 0 4 _a956
_bم د
100 1 _aمحمد م. الارناؤوط
245 1 0 _aدراسات فى التاريخ الحضارى لبلاد الشام فى القرن السادس عشر /
_cمحمد م. الارناؤوط
300 _a168
490 _aمكتبة الابجدية
_v0
650 0 4 _aتاريخ
650 0 4 _aالشام
650 0 4 _aالامبراطورية العثمانية
650 0 4 _aالحضارة الاسلامية
942 _2ddc
_cBK
999 _c43581
_d43581